000
00226nam a2200109Ia 4500
008
240625s9999 xx 000 0 und d
041
_a
eng
082
_a
920 KAT
100
_a
KATE ASHISH
245
_a
EUPHORIA
260
_c
2011
999
_c
34861
_d
34861